Численное исследование топочных процессов при факельном сжигании кузнецкого угля в топке котла Е-420-140; Интеллектуальные энергосистемы; Т. 1

Détails bibliographiques
Parent link:Интеллектуальные энергосистемы: труды III Международного молодёжного форума, 28 сентября - 2 октября 2015 г., г. Томск/ Национальный исследовательский Томский политехнический университет (ТПУ).— , 2015
Т. 1.— 2015.— [С. 247-250]
Auteur principal: Иванцов А. А.
Collectivité auteur: Национальный исследовательский Томский политехнический университет (ТПУ) Энергетический институт (ЭНИН) Кафедра парогенераторостроения и парогенераторных установок (ПГС и ПГУ)
Autres auteurs: Гиль А. В. Андрей Владимирович (научный руководитель)
Résumé:Заглавие с титульного экрана
Langue:russe
Publié: 2015
Collection:Ресурсоэффективные технологии для топливосжигающих энергетических установок
Sujets:
Accès en ligne:http://earchive.tpu.ru/handle/11683/16255
http://www.lib.tpu.ru/fulltext/c/2015/C43/V1/064.pdf
Format: Électronique Chapitre de livre
KOHA link:https://koha.lib.tpu.ru/cgi-bin/koha/opac-detail.pl?biblionumber=615872

MARC

LEADER 00000naa2a2200000 4500
001 615872
005 20231101132859.0
035 |a (RuTPU)RU\TPU\conf\14105 
035 |a RU\TPU\conf\14104 
090 |a 615872 
100 |a 20151125d2015 k y0rusy50 ca 
101 0 |a rus 
102 |a RU 
105 |a y z 101zy 
135 |a drcn ---uucaa 
181 0 |a i  
182 0 |a b 
200 1 |a Численное исследование топочных процессов при факельном сжигании кузнецкого угля в топке котла Е-420-140  |f А. А. Иванцов  |g науч. рук. А. В. Гиль 
203 |a Текст  |c электронный 
225 1 |a Ресурсоэффективные технологии для топливосжигающих энергетических установок 
230 |a 1 компьютерный файл (pdf; 318 Kb) 
300 |a Заглавие с титульного экрана 
320 |a [Библиогр.: с. 250 (1 назв.)] 
337 |a Adobe Reader 
461 1 |0 (RuTPU)RU\TPU\conf\13656  |t Интеллектуальные энергосистемы  |o труды III Международного молодёжного форума, 28 сентября - 2 октября 2015 г., г. Томск  |o в 3 т.  |f Национальный исследовательский Томский политехнический университет (ТПУ)  |d 2015 
463 1 |0 (RuTPU)RU\TPU\conf\13658  |t Т. 1  |v [С. 247-250]  |d 2015 
610 1 |a труды учёных ТПУ 
610 1 |a электронный ресурс 
610 1 |a численные исследования 
610 1 |a топочные процессы 
610 1 |a факельное сжигание 
610 1 |a угли 
610 1 |a котлы 
610 1 |a Е-420-140 
700 1 |a Иванцов  |b А. А. 
702 1 |a Гиль  |b А. В.  |c специалист в области теплотехники  |c доцент Томского политехнического университета, кандидат технических наук  |f 1983-  |g Андрей Владимирович  |2 stltpush  |4 727 
712 0 2 |a Национальный исследовательский Томский политехнический университет (ТПУ)  |b Энергетический институт (ЭНИН)  |b Кафедра парогенераторостроения и парогенераторных установок (ПГС и ПГУ)  |h 120  |2 stltpush  |3 (RuTPU)RU\TPU\col\18681 
801 2 |a RU  |b 63413507  |c 20210210  |g RCR 
856 4 |u http://earchive.tpu.ru/handle/11683/16255 
856 4 |u http://www.lib.tpu.ru/fulltext/c/2015/C43/V1/064.pdf 
942 |c BK